Ngữ học trẻ '98 : Diễn đàn học tập và nghiên cứu

Na minha lista:
Detalhes bibliográficos
Autor Corporativo: Hội Ngôn ngữ học Việt Nam
Formato: Livro
Idioma:Undetermined
Publicado em: Hà Nội Hội Ngôn ngữ học Việt Nam 1998
Assuntos:
Tags: Adicionar Tag
Sem tags, seja o primeiro a adicionar uma tag!
Thư viện lưu trữ: Trung tâm Học liệu Trường Đại học Cần Thơ
LEADER 00691nam a2200205Ia 4500
001 CTU_129523
008 210402s9999 xx 000 0 und d
020 |c 60000 
082 |a 410 
082 |b H452/1998 
110 |a Hội Ngôn ngữ học Việt Nam 
245 0 |a Ngữ học trẻ '98 : 
245 0 |b Diễn đàn học tập và nghiên cứu 
245 0 |c Hội Ngôn ngữ học Việt Nam 
260 |a Hà Nội 
260 |b Hội Ngôn ngữ học Việt Nam 
260 |c 1998 
650 |a Language and languages,Linguistics 
904 |i Nguyên, Bằng sửa số PL 
980 |a Trung tâm Học liệu Trường Đại học Cần Thơ